| 000 | 00371nam a2200145Ia 4500 | ||
|---|---|---|---|
| 008 | 210210b1967 xxu||||| |||| 00| 0 eng d | ||
| 082 | _a926 ROWJ | ||
| 100 | _aROWLAND JOHN. | ||
| 245 | _aJet man the story of Sir Frank Ehittle. | ||
| 260 |
_aLondon. _bLutter Worth Press., _c1967 |
||
| 300 | _a139 | ||
| 650 | _aWhittle Frank | ||
| 690 | _aBiography | ||
| 906 | _a029189 | ||
| 999 |
_c80410 _d80410 |
||